| 000 | 00517nam a2200169Ia 4500 | ||
|---|---|---|---|
| 003 | GCL | ||
| 008 | 140319s9999 xx 000 0 eng d | ||
| 040 |
_aGCL / _cGCL |
||
| 082 | 0 | 4 |
_a709.73 _bL A |
| 100 | 1 | _aLYNES, RUSSELL | |
| 245 | 1 | 0 |
_aTHE ART MAKERS: AN INFORMAL HISTORY OF PAINTING SCULPTURE AND ARCHITECTURE IN NINETEENTH - CENTURY / _cLYNES, RUSSELL |
| 260 |
_a[S.N] : _bDOVER PUBLICATIONS,INC. ، _c1983 |
||
| 300 | _a514 | ||
| 650 | 0 | 4 | _aART MODERN 19TH CENTURY |
| 650 | 0 | 4 | _aART, AFRICA |
| 942 |
_2ddc _cBK |
||
| 999 |
_c17341 _d17341 |
||